000 00311nam a22001217a 4500
008 160420b xxu||||| |||| 00| 0 eng d
020 _a9781451185614
020 _a1451185618
041 _aeng
080 _a618.2
245 1 0 _aFundamentals of Norsing :
_cKarol Taylor;Carol Lillis;Pamela Lynn;
942 _2udc
_cBK
999 _c1463
_d1463